Understanding statistics and market research data (Record no. 101202)
[ view plain ]
| 000 -LEADER | |
|---|---|
| fixed length control field | 01101cam a2200241 4500 |
| 008 - FIXED-LENGTH DATA ELEMENTS--GENERAL INFORMATION | |
| fixed length control field | 000000n2003 000 0 eng u |
| 020 ## - INTERNATIONAL STANDARD BOOK NUMBER | |
| International Standard Book Number | 0851424597 |
| 035 ## - SYSTEM CONTROL NUMBER | |
| System control number | (Sirsi) u111122 |
| 041 ## - LANGUAGE CODE | |
| Language code of text/sound track or separate title | eng. |
| 050 ## - LIBRARY OF CONGRESS CALL NUMBER | |
| Classification number | 001.422 |
| -- | 18 |
| 100 ## - MAIN ENTRY--PERSONAL NAME | |
| Personal name | Mort, David |
| 245 ## - TITLE STATEMENT | |
| Title | Understanding statistics and market research data |
| 260 ## - PUBLICATION, DISTRIBUTION, ETC. | |
| Place of publication, distribution, etc. | London |
| Name of publisher, distributor, etc. | Europa Publications Ltd |
| Date of publication, distribution, etc. | 2003 |
| 300 ## - PHYSICAL DESCRIPTION | |
| Extent | 173p. |
| Dimensions | 24cm. |
| 350 ## - PRICE (NR) (BK AM CF MU VM SE) [OBSOLETE] | |
| Price | 35 |
| 520 ## - SUMMARY, ETC. | |
| Summary, etc. | Published statistics, market surveys and market research data are increasingly being used by staff in business and industry. This guide aims to aid effective use of such data. Offers an introduction to: the key sources of published statistics; the main economic, business and socio-demographic indicators; the classifications forming the framework for published statistics; the terminologies and concepts used in published statistics and market research. |
| 650 ## - SUBJECT ADDED ENTRY--TOPICAL TERM | |
| Topical term or geographic name entry element | STATISTICAL DATA |
| 650 ## - SUBJECT ADDED ENTRY--TOPICAL TERM | |
| Topical term or geographic name entry element | MARKET SURVEYS |
| 650 ## - SUBJECT ADDED ENTRY--TOPICAL TERM | |
| Topical term or geographic name entry element | MARKET RESEARCH |
| 650 ## - SUBJECT ADDED ENTRY--TOPICAL TERM | |
| Topical term or geographic name entry element | BUSINESS SKILLS |
| 690 ## - LOCAL SUBJECT ADDED ENTRY--TOPICAL TERM (OCLC, RLIN) | |
| Topical term or geographic name as entry element | MANAGEMENT-BUSINESS MANAGEMENT-INFORMATION MANAGEMENT |
| 942 ## - ADDED ENTRY ELEMENTS (KOHA) | |
| Suppress in OPAC | 0 |
| Withdrawn status | Lost status | Source of classification or shelving scheme | Damaged status | Not for loan | Home library | Current library | Shelving location | Date acquired | Total Checkouts | Full call number | Barcode | Date last seen | Date last checked out | Copy number | Price effective from | Koha item type |
|---|---|---|---|---|---|---|---|---|---|---|---|---|---|---|---|---|
| Dewey Decimal Classification | London | London | Books | 28/05/2003 | 4 | 001.422 MOR | 30068506 | 06/08/2019 | 15/08/2007 | 1 | 06/08/2019 | Book |